History Quiz

Random History or Century Quiz

The 17th Century A-Z Quiz Stats

 Plays Quiz Updated Dec 17, 2018

Support Sporcle.
Go Orange.
Score 0/26 Timer 10:00
1 Play Today
Letter Answer % Correct
HHamlet
93.6%
NIsaac Newton
84.8%
CCape Town
83.7%
EElizabeth I
82.2%
OOsaka
75.8%
BThe Baroque Period
75.6%
UUkraine
75.6%
VVersailles
75.2%
AAgra
68.7%
QQing Dynasty
67.2%
IThe Iroquois Confederacy
64.9%
KJohannes Kepler
62.4%
FFlintlock Musket
58.3%
Letter Answer % Correct
SAntonio Stradivari
56.6%
ZZürich
50%
XSaint Francis Xavier
48.4%
MMolière
46.6%
RCardinal Richelieu
35.7%
GGlorious Revolution
35.2%
LGottfried Wilhelm Leibniz
34.7%
TTokugawa
29.5%
JJanissaries
24.2%
YYoruba People
23.9%
WJohn Winthrop
20.1%
PPeace of Westphalia
17.5%
DDordrecht
17.2%

You're not logged in!

Compare scores with friends on all Sporcle quizzes.
OR
Log In
Forgot?
Remove Ads.
Support Sporcle.
Get the best of Sporcle when you Go Orange. This ad-free experience offers more features, more stats, and more fun while also helping to support Sporcle. Thank you for becoming a member.

Show Comments

Extras

Top Quizzes Today


Score Distribution

Your Account Isn't Verified!

In order to create a playlist on Sporcle, you need to verify the email address you used during registration. Go to your Sporcle Settings to finish the process.

Report this User

Report this user for behavior that violates our Community Guidelines.

Details: